INDIAN HEART JOURNAL (Record no. 23711)

MARC details
000 -LEADER
fixed length control field 00216nam a22001097a 4500
003 - CONTROL NUMBER IDENTIFIER
control field SGT
022 ## - INTERNATIONAL STANDARD SERIAL NUMBER
International Standard Serial Number
245 ## - TITLE STATEMENT
Title INDIAN HEART JOURNAL
260 ## - PUBLICATION, DISTRIBUTION, ETC. (IMPRINT)
Place of publication, distribution, etc INDIA
Name of publisher, distributor, etc ELSEVIER
Year of Publication 2015
300 ## - PAGE DESCRIPTION
No. of Pages 412,.813
942 ## - ADDED ENTRY ELEMENTS (KOHA)
Source of classification or shelving scheme Dewey Decimal Classification
Koha item type Back Volumes
Holdings
Withdrawn status Lost status Source of classification or shelving scheme Damaged status Not for loan Collection code Home library Current library Date acquired Volume Information (Serial or Books or Non-Book Material) SGTU Accession No. (Barcode) Date last seen Bill Date Koha item type
    Dewey Decimal Classification   Not For Loan MEDICAL SGT Medical Library SGT Medical Library 21/01/2023 VOL-67,2015 SGTU PM881 21/01/2023 21/01/2023 Back Volumes
    Dewey Decimal Classification   Not For Loan MEDICAL SGT Medical Library SGT Medical Library 21/01/2023 VOL-67,2015 SGTU PM882 21/01/2023 21/01/2023 Back Volumes